| 000 | 02463nam a2200289 a 4500 | ||
|---|---|---|---|
| 001 | 000030973 | ||
| 003 | DO-SdBNP | ||
| 005 | 20240927073748.0 | ||
| 008 | 100903t1996 dr ac 001 0 spa d | ||
| 040 |
_aDO-SdBNP _bspa _cBNPHU |
||
| 049 | _aBNPD | ||
| 082 |
_a972.93053 _bR696t |
||
| 100 | 1 |
_aRodríguez León, Francisco _944445 |
|
| 245 | 1 | 0 |
_aBalaguer y Trujillo / _cFrancisco Rodríguez León. |
| 246 | 1 | 4 |
_aBalaguer y Trujillo: _bentre la espada y la palabra |
| 260 |
_aSanto Domingo : _bArtes & Ediciones Caribe, _c1996. |
||
| 300 |
_a648 p. : _bil., retrs. ; _c24 cm. |
||
| 500 | _aIncluye datos biográficos del autor en la contracubierta. | ||
| 500 | _aIncluye indice onomástico. | ||
| 504 | _aBibliografía : p. 706-718 | ||
| 505 | 0 |
_tPrólogo -- _tPreludio -- _tOrígenes: el soldado -- _tOrígenes: el intelectual -- _tAntecedentes -- _tPrimera década (1930-1939) : _tPrimer período (1930-1934): escenario político -- _tPrimer período (1930-1934): la economía -- _tGénesis de un cortesano -- _tSegundo período (1934-1938) -- _tUn holocausto tropical -- _tLa presidencia de papel: Jacinto B. Peynado (1938-1940) -- _tSegunda década (1940-1949) : _tLa presidencia de cartón: Manuel de Js. Troncoso de La Concha (1940-1942) -- _tEl retorno del bárbaro -- _tLa dominicanización de la frontera -- _tEl exilio del cortesano (1940-1949) -- _tTercera década (1950-1959) : _tEl regreso del cortesano -- _tEl Anselmato (1950-1954) -- _tApoteosis: la feria de las ilusiones -- _tEl delfín y el cortesano -- _tLa vicepresidencia del cortesano -- _tAsí habló el cortesano -- _tDesenlace (1960-1962) : _tVorágine: la rebelión de un país -- _tVértigo: la presidencia del cortesano -- _tSoliloquio (I) -- _tEl cortesano y el "30 de mayo" -- _tFunerales de Estado _tLos nuevos tiempos -- _tMalicia en el país de las maravillas -- _tLas cortinas del palacio no son de terciopelo azul -- _tLa insurrección de Santiago -- _tEl cortesano y el asesinato de los héroes del "30 de mayo" -- _tLa silla de alfileres -- _tInterregno -- _tUn consejo para el cortesano -- _tReflexiones -- _tSoliloquio (II) -- _tExhortación -- _tCoda -- _tAnexo-- _tBibliografía -- _tIndice onomástico -- _tDocumentos. |
|
| 600 | 1 | 0 |
_a Balaguer, Joaquín, _d1906-2002 _976556 |
| 600 | 1 | 0 |
_aTrujillo Molina, Rafael Leónidas, _d 1891-1961 _976764 |
| 651 | 1 | 4 |
_aRepública Dominicana _xPolítica y gobierno _yEra de Trujillo, 1930-1961 _91374 |
| 910 | _aValidado. Control de calidad EMS. | ||
| 942 |
_2ddc _cLBS1 |
||
| 999 |
_c30465 _d30465 |
||